000 00402nam a2200133Ia 4500
008 220217s9999||||xx |||||||||||||| ||und||
020 _a9780070077928
082 _a005.13 GAN
100 _aGanesh S.G
_98141
245 0 _aCracking the C, C++ and java interview questions
260 _aTata mcgraw hill company Ltd
_bNew Delhi
_c2011
300 _aXI, 245p.
_b250
650 _aPROGRAMMING LANGUAGE
999 _c182835
_d182835